Southville International School and Colleges
Your cart is empty.
  • Cart
  • Lists
    Public lists Eva Luna New books Lux_list list_1
    Your lists Log in to create your own lists
  • Log in to your account
  • Your cookies
  • Search history
Southville International School and Colleges
  • Advanced search
  • Recent comments
  • Most popular
  • Libraries

Log in to your account

Log in with GOOGLE


If you do not have an external account, but do have a local account, you can still log in:

  1. Home
  2. MARC view: IMCI chart booklet / :
Normal view MARC view ISBD view

IMCI chart booklet / : (Record no. 24950)

[ view plain ]
MARC details
000 -LEADER
fixed length control field 00687nam a2200205 a 4500
005 - DATE AND TIME OF LATEST TRANSACTION
control field 20140310183551.0
008 - FIXED-LENGTH DATA ELEMENTS--GENERAL INFORMATION
fixed length control field 111116s19uu xx 00 eng d
020 ## - INTERNATIONAL STANDARD BOOK NUMBER
International Standard Book Number 978-971-584-932-6
050 ## - LIBRARY OF CONGRESS CALL NUMBER
Classification number RJ 50
Item number .In61 2009
245 ## - TITLE STATEMENT
Title IMCI chart booklet / :
Remainder of title Integrated Management of Childhood Illnesses /
Statement of responsibility, etc prepared by the World Health Organization for Control of Diarrheal and Respiratory Infections and UNICEF.
250 ## - EDITION STATEMENT
Edition statement 2009 ed.
260 ## - PUBLICATION, DISTRIBUTION, ETC. (IMPRINT)
Place of publication, distribution, etc Quezon City :
Name of publisher, distributor, etc C & E Pub,
Date of publication, distribution, etc 2009.
300 ## - PHYSICAL DESCRIPTION
Extent 62 p. :
521 ## - TARGET AUDIENCE NOTE
Target audience note
650 ## - SUBJECT ADDED ENTRY--TOPICAL TERM
Topical term or geographic name as entry element Pediatrics
General subdivision Handbooks
650 ## - SUBJECT ADDED ENTRY--TOPICAL TERM
Topical term or geographic name as entry element Children
General subdivision Diseases
650 ## - SUBJECT ADDED ENTRY--TOPICAL TERM
Topical term or geographic name as entry element Children
General subdivision Health and hygiene
942 ## - ADDED ENTRY ELEMENTS (KOHA)
Koha item type Books
Source of classification or shelving scheme Library of Congress Classification
Call number prefix Foreign
Holdings
Withdrawn status Lost status Source of classification or shelving scheme Damaged status Home library Current library Shelving location Date acquired Source of acquisition Total Checkouts Full call number Barcode Date last seen Copy number Price effective from Koha item type
    Library of Congress Classification   College Library College Library General Circulation Section 11/16/2011 Donation   RJ 50 .In61 2009 C13779 05/15/2018 1 10/18/2013 Books

IMCI chart booklet / :

APA

(2009). IMCI chart booklet. Quezon City: C & E Pub.

Chicago

2009. IMCI chart booklet. Quezon City: C & E Pub.

Harvard

(2009). IMCI chart booklet. Quezon City: C & E Pub.

MLA

IMCI chart booklet. Quezon City: C & E Pub. 2009.

  • Place hold
  • Print
  • Cite
  • Add to your cart (remove)
  • Save record
    BIBTEX Dublin Core MARCXML MARC (non-Unicode/MARC-8) MARC (Unicode/UTF-8) MARC (Unicode/UTF-8, Standard) MODS (XML) RIS
  • More searches
    Search for this title in:
    Other Libraries (WorldCat) Other Databases (Google Scholar) Online Stores (Bookfinder.com) Open Library (openlibrary.org)

Exporting to Dublin Core...

SOUTHVILLE LIBRARY

Southville International School and Colleges Library

1281 Tropical Ave. Cor. Luxembourg St., BF Homes International, Las Pinas City

Tel. No. 8256374 / 252358 Loc. 117/146

Powered by Koha